Statistics for Poland Euro 2016 Squad

Click here to take the quiz!

General Stats

  • This quiz has been taken 397 times
  • The average score is 17 of 24

Answer Stats

PositionPlayer% Correct
FWRobert Lewandowski
99%
FWArkadiusz Milik
96%
GKWojciech Szczęsny
96%
DFKamil Glik
93%
GKŁukasz Fabiański
93%
MFJakub Błaszczykowski
90%
DFMichał Pazdan
88%
MFGrzegorz Krychowiak
87%
DFŁukasz Piszczek
87%
ManagerAdam Nawałka
86%
MFKamil Grosicki
85%
DFArtur Jędrzejczyk
77%
MFPiotr Zieliński
77%
GKArtur Boruc
76%
MFBartosz Kapustka
66%
MFKrzysztof Mączyński
55%
MFKarol Linetty
54%
DFThiago Cionek
54%
MFSławomir Peszko
51%
DFJakub Wawrzyniak
38%
MFTomasz Jodłowiec
38%
FWMariusz Stępiński
34%
DFBartosz Salamon
22%
MFFilip Starzyński
18%

Score Distribution

Percentile by Number Answered

Percent of People with Each Score

Your Score History

You have not taken this quiz